[Event "Florianopolis op 7th"]
[Site "Florianopolis"]
[Date "2021.01.19"]
[Round "2"]
[White "Nunes, Agatha Hurba"]
[Black "Fuchter, Julia"]
[Result "1-0"]
[WhiteElo "1817"]
[BlackElo "1403"]
[PlyCount "59"]
[EventDate "2021.01.18"]
[EventType "swiss"]
[EventRounds "10"]
[EventCountry "BRA"]
[SourceTitle "CBM 200 Extra"]
[Source "ChessBase"]
[SourceDate "2021.03.31"]
[SourceVersion "1"]
[SourceVersionDate "2021.03.31"]
[SourceQuality "1"]

1. d4 Nf6 2. c4 g6 3. Nc3 d5 4. Bf4 Bg7 5. e3 0-0 6. Nf3 c5 7. Be2 cxd4 8. exd4 Nc6 9. 0-0 Bg4 10. Nd2 Bxe2 11. Nxe2 Nh5 12. Be3 e5 13. cxd5 Qxd5 14. Nc3 Qd7 15. d5 Ne7 16. Nde4 b6 17. d6 Nc8 18. Rc1 f5 19. Ng5 Nxd6 20. Qd5+ Kh8 21. Rcd1 Rf6 22. Qxa8+ Bf8 23. Nd5 Kg7 24. Nxf6 Nxf6 25. Qb8 f4 26. Bd2 Nd5 27. Bc3 Qf5 28. Rxd5 Qxg5 29. Rxe5 Nf5 30. Bb4 1-0

[Event "Santa Catarina State-ch (Women)"]
[Site "Santa Catarina"]
[Date "2019.06.08"]
[Round "3.8"]
[White "Evangelista, Andressa"]
[Black "Fuchter, Julia"]
[Result "1-0"]
[WhiteElo "1165"]
[BlackElo "1465"]
[PlyCount "57"]
[EventDate "2019.06.07"]
[EventType "swiss"]
[EventRounds "6"]
[EventCountry "BRA"]
[SourceTitle "EXT 2022"]
[Source "ChessBase"]
[SourceDate "2021.10.06"]
[SourceVersion "1"]
[SourceVersionDate "2021.10.06"]
[SourceQuality "1"]

1. d4 Nf6 2. Bf4 e6 3. Nf3 d5 4. e3 c5 5. c4 Nc6 6. Nc3 Be7 7. Be2 0-0 8. 0-0 a6 9. Rc1 dxc4 10. dxc5 Bxc5 11. Bxc4 Qe7 12. Qc2 e5 13. Bg5 Be6 14. Bxe6 Qxe6 15. Bxf6 gxf6 16. Rfd1 Rad8 17. Qb3 Qxb3 18. axb3 Na5 19. Nd5 Nxb3 20. Rc3 Bxe3 21. fxe3 Na5 22. Nxf6+ Kg7 23. Rxd8 Rxd8 24. Ne4 b6 25. Rc7 Kg6 26. b4 Nb3 27. Rc6+ Kf5 28. Neg5 h6 29. Rf6+ 1-0